Catálogo
 En Linea

Diario de una misión secreta a Santo Domingo (1846) : (Registro nro. 44361)

Detalles MARC
000 -CABECERA
campo de control de longitud fija 00727nam a2200181 a 4500
001 - NÚMERO DE CONTROL
campo de control 000044872
005 - FECHA Y HORA DE LA ÚLTIMA TRANSACCIÓN
campo de control 20201002045708.0
008 - DATOS DE LONGITUD FIJA--INFORMACIÓN GENERAL
campo de control de longitud fija 150114s2014 dr ac 000 0 spa d
020 ## - NÚMERO INTERNACIONAL ESTÁNDAR DEL LIBRO
Número Internacional Estándar del Libro 9789945166293
040 ## - FUENTE DE LA CATALOGACIÓN
Centro catalogador/agencia de origen DO-SdBNP
Lengua de catalogación spa
Centro/agencia transcriptor BNPHU
082 ## - NÚMERO DE LA CLASIFICACIÓN DECIMAL DEWEY
Número de clasificación xxxx
Número de documento/Ítem xxxx
100 1# - ENTRADA PRINCIPAL--NOMBRE DE PERSONA
Nombre de persona Porter, David Dixon
9 (RLIN) 72880
245 10 - MENCIÓN DE TÍTULO
Título Diario de una misión secreta a Santo Domingo (1846) :
Resto del título reporte de el maniel /
Mención de responsabilidad, etc. David Dixon Porter ; compilación y edición Milcíades Mejía.
260 ## - PUBLICACIÓN, DISTRIBUCIÓN, ETC.
Lugar de publicación, distribución, etc. Santo Domingo :
Nombre del editor, distribuidor, etc. FONDEPROSJO,
Fecha de publicación, distribución, etc. 2014.
300 ## - DESCRIPCIÓN FÍSICA
Extensión 78 p. :
Otras características físicas il., retrs. ;
Dimensiones 23 cm.
700 12 - PUNTO DE ACCESO ADICIONAL--NOMBRE DE PERSONA
Nombre de persona Mejía, Milcíades,
Término indicativo de función/relación ed.
9 (RLIN) 43514
710 22 - PUNTO DE ACCESO ADICIONAL--NOMBRE DE ENTIDAD CORPORATIVA
Nombre de entidad corporativa o nombre de jurisdicción como elemento de entrada Fondo de Desarrollo Ecoturístico Provincia San José de Ocoa ( FONDEPROSJO), República Dominicana
9 (RLIN) 72881
Existencias
Estado de retiro Estado de pérdida Restricciones de uso No para préstamo Código de colección Localización permanente Ubicación/localización actual Ubicación en estantería Fecha de adquisición Número de inventario Total de préstamos Signatura topográfica completa Código de barras Fecha visto por última vez Número de copia Precio válido a partir de Tipo de ítem Koha
        Dominicana de Servicio General General En catalogación 14.01.2015 LF1   xxxx xxxx 44872-30 25.06.2020 e. 3 25.06.2020 Libro y Folleto Colección Dominicana de Servicio
      Excluido de préstamo Patrimonio Dominicano Patrimonio Dominicano Patrimonio Dominicano En catalogación 14.01.2015 LF1   xxxx xxxx 44872-10 25.06.2020   25.06.2020 Libro y Folleto Colección Patrimonio Dominicano
      Excluido de préstamo Patrimonio Dominicano Patrimonio Dominicano Patrimonio Dominicano En catalogación 14.01.2015 LF1   xxxx xxxx 44872-20 25.06.2020 e. 2 25.06.2020 Libro y Folleto Colección Patrimonio Dominicano

Con tecnología Koha